[Event "Vic Primavera op 1st"]
[Site "Vic"]
[Date "2022.05.13"]
[Round "4"]
[White "Sauri Verdaguer, Roger"]
[Black "Vilarrasa Grabulosa, Carlos"]
[Result "1/2-1/2"]
[WhiteElo "1496"]
[BlackElo "2173"]
[PlyCount "67"]
[EventDate "2022.04.22"]
[EventType "swiss"]
[EventRounds "8"]
[EventCountry "ESP"]
[SourceTitle "EXT 2023"]
[Source "ChessBase"]
[SourceDate "2022.10.05"]
[SourceVersion "1"]
[SourceVersionDate "2022.10.05"]
[SourceQuality "1"]

1. e4 c5 2. Nf3 d6 3. d4 cxd4 4. Nxd4 Nf6 5. Nc3 a6 6. Be3 Ng4 7. Bg5 h6 8. Bh4 g5 9. Bg3 Bg7 10. h3 Ne5 11. f3 Nbc6 12. Bf2 Bd7 13. Qd2 Rc8 14. 0-0-0 Nxd4 15. Bxd4 e6 16. Be2 b5 17. a3 Qc7 18. g3 f6 19. Bxe5 dxe5 20. f4 exf4 21. Bh5+ Ke7 22. gxf4 Rhd8 23. f5 Bc6 24. Qe3 Qf4 25. Qxf4 gxf4 26. fxe6 f5 27. Nd5+ Kxe6 28. exf5+ Kd6 29. Nb6+ Kc7 30. Nxc8 Bxh1 31. Rxh1 Rxc8 32. Re1 Rd8 33. Re7+ Rd7 34. Rxd7+ 1/2-1/2